<?xml version="1.0" encoding="UTF-8"?>
<record
    xmlns:xsi="http://www.w3.org/2001/XMLSchema-instance"
    xsi:schemaLocation="http://www.loc.gov/MARC21/slim http://www.loc.gov/standards/marcxml/schema/MARC21slim.xsd"
    xmlns="http://www.loc.gov/MARC21/slim">

  <leader>00761nam a22002177a 4500</leader>
  <controlfield tag="005">20240208191531.0</controlfield>
  <controlfield tag="008">240208b        |||||||| |||| 00| 0 eng d</controlfield>
  <datafield tag="020" ind1=" " ind2=" ">
    <subfield code="a">9586481212</subfield>
  </datafield>
  <datafield tag="037" ind1=" " ind2=" ">
    <subfield code="3">Donaci&#xF3;n </subfield>
  </datafield>
  <datafield tag="040" ind1=" " ind2=" ">
    <subfield code="a">CO-JMCR</subfield>
    <subfield code="c">CO-JMCR</subfield>
    <subfield code="d">CO-JMCR</subfield>
    <subfield code="e">rda</subfield>
  </datafield>
  <datafield tag="082" ind1=" " ind2=" ">
    <subfield code="a">A-N</subfield>
    <subfield code="b">RIVv</subfield>
  </datafield>
  <datafield tag="100" ind1=" " ind2=" ">
    <subfield code="a">Rivera C, Jorge</subfield>
    <subfield code="e">autor</subfield>
    <subfield code="9">43295</subfield>
  </datafield>
  <datafield tag="245" ind1=" " ind2=" ">
    <subfield code="a">Volver a exant&#xFA;: </subfield>
    <subfield code="b">tras los misterios y secretos de un pa&#xED;s enigma / </subfield>
    <subfield code="c">Jorge Rivera C. </subfield>
  </datafield>
  <datafield tag="260" ind1=" " ind2=" ">
    <subfield code="a">Bogot&#xE1;:</subfield>
    <subfield code="b">ecoe, </subfield>
    <subfield code="c">1995</subfield>
  </datafield>
  <datafield tag="300" ind1=" " ind2=" ">
    <subfield code="a">493 p&#xE1;ginas; </subfield>
    <subfield code="c">21 cm. </subfield>
  </datafield>
  <datafield tag="520" ind1=" " ind2=" ">
    <subfield code="a">Novela inspirada en el magnicidio de Gal&#xE1;n </subfield>
  </datafield>
  <datafield tag="650" ind1=" " ind2=" ">
    <subfield code="2">JMCR</subfield>
    <subfield code="a">Detectives </subfield>
    <subfield code="x">Literatura </subfield>
    <subfield code="9">43177</subfield>
  </datafield>
  <datafield tag="650" ind1=" " ind2=" ">
    <subfield code="2">JMCR</subfield>
    <subfield code="a">Movimientos de protesta</subfield>
    <subfield code="v">Novela </subfield>
    <subfield code="9">43296</subfield>
  </datafield>
  <datafield tag="650" ind1=" " ind2=" ">
    <subfield code="2">JMCR</subfield>
    <subfield code="a">Asesinatos pol&#xED;ticos </subfield>
    <subfield code="v">Literatura </subfield>
    <subfield code="9">43297</subfield>
  </datafield>
  <datafield tag="942" ind1=" " ind2=" ">
    <subfield code="2">ddc</subfield>
    <subfield code="c">BK</subfield>
  </datafield>
  <datafield tag="999" ind1=" " ind2=" ">
    <subfield code="c">30536</subfield>
    <subfield code="d">16920</subfield>
  </datafield>
  <datafield tag="952" ind1=" " ind2=" ">
    <subfield code="0">0</subfield>
  </datafield>
</record>
